Sports Quiz

Random Sports or Soccer Quiz
Score 0/30 Timer 10:00
6 Plays Today
% Correct
Gareth Bale
92.5%
Thierry Henry
89.3%
John Terry
87.5%
Ronaldo Luís Nazário de Lima
87%
Ronaldo de Assis Moreira
81.2%
Wayne Rooney
78.7%
Fernando Torres
76.9%
Franck Ribéry
76.8%
Cristiano Ronaldo
76.6%
Luis Suárez
73.6%
Dennis Bergkamp
68.7%
Rio Ferdinand
68.2%
Zinedine Zidane
67.7%
Eric Cantona
67.1%
Arjen Robben
66.1%
% Correct
Sergio Agüero
62.6%
Robin van Persie
59%
Roy Keane
58.3%
Robbie Keane
56.7%
Paul Scholes
55.6%
Gary Lineker
52.4%
Lionel Messi
48%
Jürgen Klinsmann
46.4%
Ryan Giggs
46.3%
Steven Gerrard
44.6%
Zlatan Ibrahimović
44.1%
Luís Figo
39.5%
David Platt
25.6%
Frank Lampard
24%
Bryan Robson
19.2%
Remove Ads.
Support Sporcle.
Get the best of Sporcle when you Go Orange. This ad-free experience offers more features, more stats, and more fun while also helping to support Sporcle. Thank you for becoming a member.

You're not logged in!

Compare scores with friends on all Sporcle quizzes.
OR
Log In

Show Comments

Extras

Top Quizzes Today


Score Distribution

Your Account Isn't Verified!

In order to create a playlist on Sporcle, you need to verify the email address you used during registration. Go to your Sporcle Settings to finish the process.

Report this User

Report this user for behavior that violates our Community Guidelines.

Details: